[Event "East European zonal 3 (w)"]
[Site "Balatonfoldvar HUN"]
[Date "1987.??.??"]
[Round "11"]
[White "Savova, Stefka"]
[Black "Stanciu, Gabriela"]
[Result "1-0"]
[WhiteElo "2245"]
[BlackElo "2245"]
[EventDate "1987.02.19"]
[PlyCount "117"]

1.d4 d5 2.Nf3 c5 3.e3 Nc6 4.c3 e6 5.Bd3 Nf6 6.Nbd2 Bd6 7.O-O O-O 8.dxc5 
Bxc5 9.e4 e5 10.exd5 Qxd5 11.Qc2 h6 12.Ne4 Nxe4 13.Bxe4 Qd6 14.Re1 Re8 15.
Be3 Bxe3 16.Rxe3 Bg4 17.h3 Bxf3 18.Rxf3 Qe6 19.Bf5 Qe7 20.Rd1 Rad8 21.Bh7+
Kh8 22.Be4 Qe6 23.b3 g6 24.Rfd3 Rxd3 25.Rxd3 Rd8 26.Qd2 Rxd3 27.Qxh6+ Kg8 
28.Bxd3 Qd6 29.Bc4 Qd1+ 30.Kh2 Qc2 31.Qe3 Qf5 32.Bd5 a6 33.Qf3 Qd7 34.Qe4 
Qd6 35.g3 Kg7 36.Qc4 Nd8 37.Qd3 Ne6 38.Be4 Qc5 39.Kg2 b5 40.b4 Qc7 41.h4 
Kf6 42.Bd5 Qd6 43.a3 Ke7 44.Qf3 f5 45.Bb3 Nc7 46.c4 e4 47.Qe3 Ne6 48.c5 
Qc6 49.Qh6 Qe8 50.Qd2 Qb8 51.Qd5 Nd8 52.Kf1 e3 53.f4 Qc7 54.Ke2 a5 55.Kxe3
axb4 56.axb4 Qa7 57.Qd6+ Ke8 58.Qxg6+ Ke7 59.Qg7+ 1-0

[Event "East European zonal 3 (w)"]
[Site "Balatonfoldvar HUN"]
[Date "1987.??.??"]
[Round "11"]
[White "Ivanka, Maria"]
[Black "Porubszky, Maria"]
[Result "1-0"]
[WhiteElo "2290"]
[BlackElo "2240"]
[EventDate "1987.02.19"]
[PlyCount "65"]

1.Nf3 c5 2.g3 Nc6 3.Bg2 g6 4.O-O Bg7 5.e4 d6 6.d3 Bg4 7.h3 Bd7 8.c3 Qc8 9.
Kh2 Nf6 10.Qe2 h6 11.d4 cxd4 12.cxd4 d5 13.exd5 Nxd5 14.Nc3 Be6 15.Rd1 O-O
16.Na4 b6 17.b3 Qb7 18.Ba3 Rac8 19.Ne5 Nxe5 20.dxe5 Rfd8 21.Rd4 b5 22.Nc5 
Qb6 23.Nxe6 fxe6 24.Bb2 b4 25.Rad1 Nc3 26.Rxd8+ Rxd8 27.Rxd8+ Qxd8 28.Qc4 
Qd2 29.Ba1 Qxf2 30.Qxb4 Ne2 31.h4 Qxg3+ 32.Kh1 Qe1+ 33.Qxe1 1-0

[Event "East European zonal 3 (w)"]
[Site "Balatonfoldvar HUN"]
[Date "1987.??.??"]
[Round "11"]
[White "Baumstark, Gertrude"]
[Black "Wiese-Jozwiak, Malgorzata"]
[Result "0-1"]
[WhiteElo "2080"]
[BlackElo "2290"]
[EventDate "1987.02.19"]
[PlyCount "76"]

1.e4 c5 2.Nf3 d6 3.d4 cxd4 4.Nxd4 Nf6 5.Nc3 a6 6.a4 e5 7.Nf3 Be7 8.Bc4 Be6
9.Qe2 Bxc4 10.Qxc4 Nbd7 11.Bg5 Rc8 12.Qe2 Qb6 13.Bc1 O-O 14.O-O Rfe8 15.
Ne1 Qc6 16.Nd3 d5 17.exd5 Nxd5 18.Bd2 Bf8 19.Nxd5 Qxd5 20.Rfc1 e4 21.Nf4 
Qe5 22.c4 Bd6 23.g3 Qf5 24.Qh5 Qxh5 25.Nxh5 Ne5 26.Bf4 Re6 27.Rd1 Nd3 28.
Kf1 g6 29.Bxd6 Rxd6 30.Nf4 Rxc4 31.Rd2 g5 32.Ne2 Rb6 33.Ra2 f5 34.a5 Rh6 
35.Kg1 Rd6 36.Kg2 Ne1+ 37.Kf1 Rxd2 38.Kxe1 Rcd4 0-1

[Event "East European zonal 3 (w)"]
[Site "Balatonfoldvar HUN"]
[Date "1987.??.??"]
[Round "11"]
[White "Muresan, Margareta"]
[Black "Erenska-Radzewska, Hanna"]
[Result "1/2-1/2"]
[WhiteElo "2310"]
[BlackElo "2300"]
[EventDate "1987.02.19"]
[PlyCount "38"]

1.Nf3 Nf6 2.c4 c5 3.Nc3 d5 4.cxd5 Nxd5 5.g3 Nc6 6.Nxd5 Qxd5 7.Bg2 g6 8.O-O
Bg7 9.d3 O-O 10.a3 Qd6 11.Rb1 Rd8 12.Qa4 Nd4 13.Nxd4 cxd4 14.Bd2 Bd7 15.
Qa5 b6 16.Qa6 Bc8 17.Qa4 Bd7 18.Qa6 Bc8 19.Qa4 Bd7 1/2-1/2

[Event "East European zonal 3 (w)"]
[Site "Balatonfoldvar HUN"]
[Date "1987.??.??"]
[Round "12"]
[White "Veroci-Petronic, Zsuzsa"]
[Black "Ciprianova-Kubikova, Hana"]
[Result "1-0"]
[WhiteElo "2415"]
[BlackElo "2145"]
[EventDate "1987.02.19"]
[PlyCount "53"]

1.e4 c5 2.Nf3 d6 3.d4 cxd4 4.Nxd4 Nf6 5.Nc3 a6 6.f4 Qc7 7.Bd3 g6 8.O-O Bg7
9.Nf3 O-O 10.Qe1 Nbd7 11.a4 b6 12.Qh4 e6 13.f5 exf5 14.exf5 Bb7 15.Bg5 
Rae8 16.Kh1 Qc8 17.Rad1 Qa8 18.Bf4 Ne5 19.Bxe5 dxe5 20.fxg6 hxg6 21.Bc4 
Rd8 22.Rxd8 Rxd8 23.Qg5 Nd5 24.Nxe5 Bxe5 25.Qxe5 Re8 26.Qg5 Rd8 27.Ne4 1-0

[Event "East European zonal 3 (w)"]
[Site "Balatonfoldvar HUN"]
[Date "1987.??.??"]
[Round "12"]
[White "Grosch, Maria"]
[Black "Madl, Ildiko"]
[Result "0-1"]
[WhiteElo "2220"]
[BlackElo "2350"]
[EventDate "1987.02.19"]
[PlyCount "86"]

1.Nf3 d5 2.c4 d4 3.b4 c5 4.e3 Bg4 5.Qb3 Bxf3 6.gxf3 e5 7.bxc5 Qc7 8.f4 Nd7
9.fxe5 Qxe5 10.Qxb7 Rb8 11.Qd5 Bxc5 12.Qxe5+ Nxe5 13.f4 Nc6 14.Na3 Nf6 15.
d3 dxe3 16.Rb1 O-O 17.Rxb8 Rxb8 18.Bg2 Nb4 19.Ke2 Nxa2 20.Nc2 Nxc1+ 21.
Rxc1 Nh5 22.d4 Nxf4+ 23.Kf3 Bd6 24.c5 Bc7 25.Nxe3 Rb3 26.Re1 g5 27.Bf1 Ne6
28.Bc4 Rc3 29.Bxe6 fxe6 30.Kg4 Bf4 31.Ng2 Bxh2 32.Re2 h6 33.Ne1 Bg1 34.
Rxe6 Bxd4 35.Rxh6 a5 36.Ra6 Bxc5 37.Nf3 Be3 38.Rg6+ Kf7 39.Ra6 Rc4+ 40.Kf5
Rf4+ 41.Kxg5 Rxf3+ 42.Kg4 Rf4+ 43.Kg3 a4 0-1

[Event "East European zonal 3 (w)"]
[Site "Balatonfoldvar HUN"]
[Date "1987.??.??"]
[Round "12"]
[White "Stanciu, Gabriela"]
[Black "Muresan, Margareta"]
[Result "0-1"]
[WhiteElo "2245"]
[BlackElo "2310"]
[EventDate "1987.02.19"]
[PlyCount "80"]

1.d4 d5 2.Nf3 Nf6 3.c4 c6 4.Nc3 dxc4 5.a4 Na6 6.e4 Be6 7.Ne5 Qa5 8.Bxc4 
Bxc4 9.Nxc4 Qb4 10.Qe2 Nxe4 11.O-O Nd6 12.Ne5 Nc7 13.a5 Ncb5 14.Qg4 e6 15.
Ra4 Qb3 16.a6 Nxc3 17.Ra3 Qd5 18.Rxc3 b6 19.Nxc6 Nb5 20.Rc2 h5 21.Qg5 Qxg5
22.Bxg5 Bd6 23.Rd1 f6 24.Bd2 Rc8 25.d5 exd5 26.Nb4 Rxc2 27.Nxc2 Kf7 28.Bb4
Rd8 29.Kf1 Be5 30.Ne3 d4 31.Nc4 Rc8 32.b3 Rc6 33.Ke2 Re6 34.Kd3 Nc7 35.
Nxe5+ fxe5 36.Ra1 Kf6 37.f4 exf4 38.Kxd4 Kf5 39.Ra2 Re4+ 40.Kd3 Rxb4 0-1

[Event "East European zonal 3 (w)"]
[Site "Balatonfoldvar HUN"]
[Date "1987.??.??"]
[Round "12"]
[White "Jicman, Ligia-Letitia"]
[Black "Savova, Stefka"]
[Result "1-0"]
[WhiteElo "2220"]
[BlackElo "2245"]
[EventDate "1987.02.19"]
[PlyCount "69"]

1.e4 c6 2.d4 d5 3.exd5 cxd5 4.c4 Nf6 5.Nc3 e6 6.cxd5 Nxd5 7.Nf3 Be7 8.Bd3 
O-O 9.O-O Nc6 10.Re1 Nf6 11.a3 b6 12.Bc2 Bb7 13.Bg5 Rc8 14.Qd3 g6 15.Rad1 
Re8 16.Bb1 Nd5 17.Ne4 Bxg5 18.Nexg5 Qf6 19.Ne4 Qe7 20.h4 Red8 21.Qd2 Na5 
22.Ba2 Nc4 23.Bxc4 Rxc4 24.Ne5 Rcc8 25.h5 Rc7 26.hxg6 fxg6 27.Ng5 Qf6 28.
Re4 Qf5 29.Ng4 Rdc8 30.Nh6+ Kg7 31.Nxf5+ gxf5 32.Rh4 Nf6 33.Nf3 Kf8 34.Qg5
Bxf3 35.Qxf6+ 1-0

[Event "East European zonal 3 (w)"]
[Site "Balatonfoldvar HUN"]
[Date "1987.??.??"]
[Round "12"]
[White "Richtrova-Klimova, Eliska"]
[Black "Voiska, Margarita"]
[Result "1/2-1/2"]
[WhiteElo "2320"]
[BlackElo "2305"]
[EventDate "1987.02.19"]
[PlyCount "23"]

1.e4 e6 2.d4 d5 3.Nd2 c5 4.exd5 exd5 5.Bb5+ Bd7 6.Qe2+ Be7 7.dxc5 Nf6 8.
Nb3 O-O 9.Be3 Re8 10.Nf3 a6 11.Bxd7 Nbxd7 12.Nfd4 1/2-1/2

[Event "East European zonal 3 (w)"]
[Site "Balatonfoldvar HUN"]
[Date "1987.??.??"]
[Round "12"]
[White "Angelova, Pavlina"]
[Black "Ivanka, Maria"]
[Result "1-0"]
[WhiteElo "2415"]
[BlackElo "2290"]
[EventDate "1987.02.19"]
[PlyCount "71"]

1.d4 Nf6 2.c4 g6 3.Nc3 c5 4.Nf3 Bg7 5.e4 cxd4 6.Nxd4 d6 7.Be2 O-O 8.Be3 
Nc6 9.O-O Bd7 10.Qd2 Re8 11.f3 a6 12.Rac1 Ne5 13.b3 Bc6 14.Rfd1 h5 15.Nxc6
bxc6 16.c5 Bf8 17.Na4 Qc7 18.Nb6 Ra7 19.Kh1 d5 20.exd5 Rd8 21.d6 exd6 22.
Bg5 Be7 23.Qf4 Kg7 24.cxd6 Rxd6 25.Rxd6 Qxd6 26.Nc8 Qc7 27.Nxa7 Nd5 28.Qd2
Qxa7 29.Bxe7 Qxe7 30.Bxa6 Qa7 31.Bc4 Nf6 32.Re1 Ned7 33.Re7 Kf8 34.Rxf7+ 
Ke8 35.Qd6 Qf2 36.Qe7# 1-0

[Event "East European zonal 3 (w)"]
[Site "Balatonfoldvar HUN"]
[Date "1987.??.??"]
[Round "12"]
[White "Erenska-Radzewska, Hanna"]
[Black "Baumstark, Gertrude"]
[Result "1-0"]
[WhiteElo "2300"]
[BlackElo "2080"]
[EventDate "1987.02.19"]
[PlyCount "113"]

1.e4 c5 2.Nf3 d6 3.d4 Nf6 4.Nc3 cxd4 5.Nxd4 a6 6.f4 Nbd7 7.a4 b6 8.Bd3 Bb7
9.O-O g6 10.Qe1 Bg7 11.Nf3 O-O 12.Qh4 b5 13.f5 b4 14.Nd1 Nc5 15.fxg6 fxg6 
16.Nf2 e6 17.Bg5 Qc7 18.b3 a5 19.Rae1 e5 20.Bc4+ Kh8 21.Bd3 Rae8 22.Nd2 
Ba6 23.Bxa6 Nxa6 24.Nc4 Nc5 25.Rd1 Nb7 26.Rd3 Ng8 27.Be3 Bf6 28.Qg4 Ne7 
29.Bb6 Qc6 30.Rfd1 Nc8 31.Be3 Qc7 32.Rd5 Ne7 33.Bb6 Qc6 34.R5d2 Nc8 35.
Bxa5 Nxa5 36.Nxa5 Qc5 37.Nc4 Bg7 38.Qe2 Bh6 39.Rd3 Rf4 40.Rf3 Ref8 41.Rd5 
Qa7 42.Rdd3 Ne7 43.Rxf4 Rxf4 44.g3 Rf6 45.Rxd6 Rxd6 46.Nxd6 Nc6 47.Kg2 Nd4
48.Qc4 Qe7 49.Nb5 Be3 50.Nd3 Qg5 51.Nxd4 Bxd4 52.Qxb4 h5 53.Qe1 h4 54.c3 
Bb6 55.Qe2 Qh6 56.gxh4 Qxh4 57.Nxe5 1-0

[Event "East European zonal 3 (w)"]
[Site "Balatonfoldvar HUN"]
[Date "1987.??.??"]
[Round "12"]
[White "Wiese-Jozwiak, Malgorzata"]
[Black "Szmacinska, Grazyna"]
[Result "1/2-1/2"]
[WhiteElo "2290"]
[BlackElo "2315"]
[EventDate "1987.02.19"]
[PlyCount "37"]

1.e4 d6 2.d4 Nf6 3.Nc3 g6 4.g3 Bg7 5.Bg2 O-O 6.Nge2 e5 7.h3 exd4 8.Nxd4 
Nbd7 9.O-O Re8 10.Re1 Nc5 11.Nb3 Nxb3 12.axb3 Bd7 13.Be3 a6 14.Bd4 Bc6 15.
Qd2 Re6 16.Nd5 Bxd5 17.exd5 Rxe1+ 18.Rxe1 Qd7 19.Bxf6 1/2-1/2

[Event "East European zonal 3 (w)"]
[Site "Balatonfoldvar HUN"]
[Date "1987.??.??"]
[Round "13"]
[White "Baumstark, Gertrude"]
[Black "Stanciu, Gabriela"]
[Result "0-1"]
[WhiteElo "2080"]
[BlackElo "2245"]
[EventDate "1987.02.19"]
[PlyCount "64"]

1.e4 e5 2.Nf3 Qe7 3.Nc3 Nf6 4.Bc4 h6 5.O-O d6 6.d4 c6 7.dxe5 dxe5 8.a4 Bg4
9.Qd3 Qc7 10.h3 Bxf3 11.Qxf3 Nbd7 12.Ne2 g6 13.b3 Bg7 14.Ba3 c5 15.Nc3 a6 
16.Qg3 Nb6 17.Qd3 Rd8 18.Qe2 O-O 19.a5 Nxc4 20.Qxc4 Rc8 21.Na4 Qxa5 22.
Nxc5 b5 23.b4 Qxa3 24.Rxa3 bxc4 25.Rxa6 Rfd8 26.Nb7 Rd2 27.b5 Nxe4 28.b6 
Rb8 29.Na5 Rd6 30.Nxc4 Rc6 31.Rfa1 Rxc4 32.Ra8 Rf8 0-1

[Event "East European zonal 3 (w)"]
[Site "Balatonfoldvar HUN"]
[Date "1987.??.??"]
[Round "13"]
[White "Madl, Ildiko"]
[Black "Veroci-Petronic, Zsuzsa"]
[Result "1/2-1/2"]
[WhiteElo "2350"]
[BlackElo "2415"]
[EventDate "1987.02.19"]
[PlyCount "34"]

1.d4 Nf6 2.Nc3 d5 3.Bg5 Nbd7 4.Nf3 g6 5.Qd3 Bg7 6.O-O-O O-O 7.e4 dxe4 8.
Nxe4 Nxe4 9.Qxe4 Nf6 10.Qe3 Be6 11.Kb1 c6 12.h3 Qa5 13.a3 Nd5 14.Qd2 Qxd2 
15.Rxd2 Rfe8 16.Bd3 h6 17.Be3 Rad8 1/2-1/2

[Event "East European zonal 3 (w)"]
[Site "Balatonfoldvar HUN"]
[Date "1987.??.??"]
[Round "13"]
[White "Savova, Stefka"]
[Black "Grosch, Maria"]
[Result "1/2-1/2"]
[WhiteElo "2245"]
[BlackElo "2220"]
[EventDate "1987.02.19"]
[PlyCount "49"]

1.d4 Nf6 2.Nf3 e6 3.c3 b6 4.Bf4 Bb7 5.Nbd2 c5 6.e3 cxd4 7.exd4 Be7 8.Bd3 
d6 9.O-O Nbd7 10.Qe2 O-O 11.h3 Re8 12.Bh2 a6 13.Rfe1 b5 14.a4 bxa4 15.Rxa4
a5 16.Rea1 Bc6 17.Bb5 Bxb5 18.Qxb5 Rb8 19.Qxa5 Rxb2 20.Nc4 Qxa5 21.Rxa5 
Rb3 22.Bxd6 Rxc3 23.Bxe7 Rxc4 24.Bd6 Rc6 25.Be5 1/2-1/2

[Event "East European zonal 3 (w)"]
[Site "Balatonfoldvar HUN"]
[Date "1987.??.??"]
[Round "13"]
[White "Ivanka, Maria"]
[Black "Richtrova-Klimova, Eliska"]
[Result "1/2-1/2"]
[WhiteElo "2290"]
[BlackElo "2320"]
[EventDate "1987.02.19"]
[PlyCount "24"]

1.c4 Nf6 2.Nc3 g6 3.g3 d5 4.cxd5 Nxd5 5.Bg2 Nb6 6.Nf3 Bg7 7.O-O O-O 8.d4 
Nc6 9.d5 Na5 10.e4 c6 11.dxc6 Nxc6 12.Qe2 Bg4 1/2-1/2

[Event "East European zonal 3 (w)"]
[Site "Balatonfoldvar HUN"]
[Date "1987.??.??"]
[Round "13"]
[White "Porubszky, Maria"]
[Black "Angelova, Pavlina"]
[Result "0-1"]
[WhiteElo "2240"]
[BlackElo "2245"]
[EventDate "1987.02.19"]
[PlyCount "118"]

1.Nf3 Nf6 2.b3 g6 3.Bb2 Bg7 4.e3 O-O 5.Be2 d5 6.d4 Ne4 7.O-O c5 8.Nbd2 Nc6
9.c3 f5 10.Rc1 Qa5 11.Qc2 cxd4 12.Nxe4 d3 13.Nf6+ Bxf6 14.Bxd3 e5 15.b4 
Qb6 16.Be2 Be6 17.a3 Rac8 18.Qb1 e4 19.Nd4 Ne5 20.Rfd1 Bf7 21.Nb3 Rfd8 22.
Nc5 Be7 23.Na4 Qc6 24.b5 Qe6 25.Qc2 Nc4 26.Qb3 Be8 27.Rc2 a6 28.Bc1 Bxb5 
29.Nb2 Na5 30.Qa2 Bxe2 31.Rxe2 Rxc3 32.a4 Rdc8 33.Qb1 Nc4 34.Nxc4 R3xc4 
35.a5 Qc6 36.Bb2 Bb4 37.Qa1 Bc3 38.g3 Ra4 39.Qc1 Bxa5 40.Qb1 Rc4 41.Qa2 
Qa4 42.Qxa4 Rxa4 43.Rxd5 Ra2 44.Rd7 Rc7 45.Rd8+ Kf7 46.Rh8 Ke6 47.Re8+ Kd7
48.Rh8 Rc4 49.Rxh7+ Kc6 50.Rg7 Bc3 51.Rxg6+ Kb5 52.Bxc3 Rxe2 53.Bd4 Rc1+ 
54.Kg2 Rcc2 55.Rb6+ Kc4 56.g4 Rxf2+ 57.Kg3 Rf3+ 58.Kh4 Rxh2+ 59.Kg5 fxg4 
0-1

[Event "East European zonal 3 (w)"]
[Site "Balatonfoldvar HUN"]
[Date "1987.??.??"]
[Round "13"]
[White "Muresan, Margareta"]
[Black "Jicman, Ligia-Letitia"]
[Result "1/2-1/2"]
[WhiteElo "2310"]
[BlackElo "2220"]
[EventDate "1987.02.19"]
[PlyCount "55"]

1.Nf3 Nf6 2.c4 c5 3.Nc3 d5 4.cxd5 Nxd5 5.g3 Nc6 6.Bg2 g6 7.Qb3 e6 8.O-O 
Bg7 9.Ne4 b6 10.d3 O-O 11.Bg5 Qd7 12.Nc3 Bb7 13.Rac1 h6 14.Bd2 Nc7 15.Qa4 
Rad8 16.Qh4 Qe7 17.Qh3 h5 18.g4 hxg4 19.Qxg4 Nd4 20.Ng5 Bxg2 21.Qh4 Rfe8 
22.Qh7+ Kf8 23.Kxg2 Nd5 24.Nge4 Nf6 25.Nxf6 Qxf6 26.Bh6 Bxh6 27.Qxh6+ Qg7 
28.Qxg7+ 1/2-1/2

[Event "East European zonal 3 (w)"]
[Site "Balatonfoldvar HUN"]
[Date "1987.??.??"]
[Round "14"]
[White "Veroci-Petronic, Zsuzsa"]
[Black "Savova, Stefka"]
[Result "1/2-1/2"]
[WhiteElo "2415"]
[BlackElo "2245"]
[EventDate "1987.02.19"]
[PlyCount "56"]

1.e4 c5 2.Nf3 d6 3.d4 cxd4 4.Nxd4 Nf6 5.Nc3 a6 6.Bg5 e6 7.Qf3 Be7 8.O-O-O 
Qc7 9.Qg3 Bd7 10.f4 Nc6 11.Nxc6 Bxc6 12.Bd3 h6 13.Bh4 Nh5 14.Qg4 Nxf4 15.
Bxe7 Nxd3+ 16.Rxd3 Qxe7 17.Qxg7 O-O-O 18.Rf1 Qg5+ 19.Qxg5 hxg5 20.Rxf7 
Rxh2 21.Rg3 d5 22.exd5 Bxd5 23.Nxd5 Rh1+ 24.Kd2 Rxd5+ 25.Kc3 Rc5+ 26.Kd2 
Rd5+ 27.Kc3 Rc5+ 28.Kd2 Rd5+ 1/2-1/2

[Event "East European zonal 3 (w)"]
[Site "Balatonfoldvar HUN"]
[Date "1987.??.??"]
[Round "14"]
[White "Grosch, Maria"]
[Black "Muresan, Margareta"]
[Result "1/2-1/2"]
[WhiteElo "2220"]
[BlackElo "2310"]
[EventDate "1987.02.19"]
[PlyCount "55"]

1.c4 Nf6 2.Nf3 b6 3.d4 Bb7 4.Nc3 e6 5.a3 Be7 6.d5 O-O 7.e4 exd5 8.cxd5 d6 
9.Be2 c5 10.O-O a6 11.a4 Ne8 12.Nd2 Nd7 13.Nc4 Bf6 14.Bf4 Be5 15.Bxe5 Nxe5
16.f4 Nxc4 17.Bxc4 Rb8 18.Qe2 Nc7 19.Rf3 Bc8 20.h3 Qd7 21.Rg3 b5 22.axb5 
axb5 23.Bd3 b4 24.Nd1 Nb5 25.Qh5 Nd4 26.Rxg7+ Kxg7 27.Qg5+ Kh8 28.Qf6+ 
1/2-1/2

[Event "East European zonal 3 (w)"]
[Site "Balatonfoldvar HUN"]
[Date "1987.??.??"]
[Round "14"]
[White "Ciprianova-Kubikova, Hana"]
[Black "Madl, Ildiko"]
[Result "0-1"]
[WhiteElo "2145"]
[BlackElo "2350"]
[EventDate "1987.02.19"]
[PlyCount "82"]

1.e4 c5 2.Nf3 d6 3.d4 cxd4 4.Nxd4 Nf6 5.Nc3 Nc6 6.Be3 Ng4 7.Bg5 Qb6 8.Bb5 
Bd7 9.O-O h6 10.Bh4 g5 11.Nf5 Nf6 12.Bg3 O-O-O 13.a4 Qc5 14.Qd3 Nh5 15.
Bxc6 Qxc6 16.Nd4 Qc5 17.Nd5 Kb8 18.b4 Qc8 19.Ra3 Bc6 20.Rc3 Qd7 21.b5 Bxd5
22.exd5 Bg7 23.Nc6+ bxc6 24.bxc6 Qc7 25.Rb3+ Ka8 26.Rb7 Qa5 27.Rfb1 Rc8 
28.Qb3 Bd4 29.Rxe7 Bb6 30.Bxd6 Rhd8 31.Rd7 Nf4 32.Rxd8 Rxd8 33.c7 Re8 34.
h3 Qxd5 35.Bxf4 Qxb3 36.Rxb3 gxf4 37.Rc3 Kb7 38.Rc4 Bxc7 39.Rc5 Re1+ 40.
Kh2 f3+ 41.g3 Rf1 0-1

[Event "East European zonal 3 (w)"]
[Site "Balatonfoldvar HUN"]
[Date "1987.??.??"]
[Round "14"]
[White "Stanciu, Gabriela"]
[Black "Szmacinska, Grazyna"]
[Result "1-0"]
[WhiteElo "2245"]
[BlackElo "2315"]
[EventDate "1987.02.19"]
[PlyCount "79"]

1.Nf3 Nf6 2.c4 g6 3.Nc3 Bg7 4.e4 d6 5.d4 O-O 6.Be2 e5 7.O-O Nc6 8.Be3 h6 
9.d5 Ne7 10.Ne1 Ne8 11.Qd2 Kh7 12.f4 f5 13.fxe5 dxe5 14.exf5 gxf5 15.Bd3 
Ng6 16.Bc2 Nd6 17.b3 e4 18.Bd4 Ne5 19.c5 Ndf7 20.Rd1 Rg8 21.Nxe4 fxe4 22.
Qf4 Ng5 23.Bxe4+ Kh8 24.Bb1 Rf8 25.Qg3 Rxf1+ 26.Kxf1 Qf6+ 27.Kg1 Bd7 28.h4
Nh7 29.Rd2 Re8 30.Rf2 Qe7 31.Re2 Bb5 32.Re4 Nf8 33.a4 Bd7 34.Re2 h5 35.Kh1
Bg4 36.Re3 Qf6 37.Nf3 Bxf3 38.gxf3 Nfg6 39.Bxg6 Qxg6 40.Qxg6 1-0

[Event "East European zonal 3 (w)"]
[Site "Balatonfoldvar HUN"]
[Date "1987.??.??"]
[Round "14"]
[White "Erenska-Radzewska, Hanna"]
[Black "Voiska, Margarita"]
[Result "1/2-1/2"]
[WhiteElo "2300"]
[BlackElo "2305"]
[EventDate "1987.02.19"]
[PlyCount "85"]

1.e4 e6 2.d4 d5 3.Nc3 Bb4 4.e5 Ne7 5.a3 Bxc3+ 6.bxc3 c5 7.Qg4 O-O 8.Nf3 
Nbc6 9.Bd3 f5 10.exf6 Rxf6 11.Bg5 Rf7 12.Bxe7 Rxe7 13.Qh4 g6 14.O-O c4 15.
Be2 Qf8 16.Rfe1 Bd7 17.Bf1 Rg7 18.Ng5 Qd6 19.f4 Ne7 20.Re5 Rf8 21.Nh3 Nf5 
22.Qe1 Nh6 23.Re2 Nf7 24.g3 h6 25.Bg2 g5 26.fxg5 hxg5 27.Qb1 Qc7 28.Qc1 
Qd8 29.Rb1 b6 30.Qe3 Nh6 31.Nf2 Rf6 32.Rf1 Qf8 33.Nh3 Rxf1+ 34.Bxf1 Ng4 
35.Qc1 Qf5 36.Bg2 Be8 37.Nf2 Nxf2 38.Rxf2 Qg6 39.Qe3 Rf7 40.Re2 Bd7 41.Qe5
g4 42.Qe3 Rf6 43.Qd2 1/2-1/2

[Event "East European zonal 3 (w)"]
[Site "Balatonfoldvar HUN"]
[Date "1987.??.??"]
[Round "14"]
[White "Richtrova-Klimova, Eliska"]
[Black "Porubszky, Maria"]
[Result "1-0"]
[WhiteElo "2320"]
[BlackElo "2240"]
[EventDate "1987.02.19"]
[PlyCount "79"]

1.e4 c5 2.Nc3 Nc6 3.g3 g6 4.Bg2 Bg7 5.d3 d6 6.Bg5 h6 7.Be3 Nf6 8.h3 Nd4 9.
Nge2 e5 10.O-O Bd7 11.Rb1 a5 12.f4 Bc6 13.Qd2 a4 14.Nd1 Nh5 15.Kh2 Nxe2 
16.Qxe2 exf4 17.gxf4 Qh4 18.Qg4 Qxg4 19.hxg4 Nf6 20.Nf2 h5 21.gxh5 Nxh5 
22.Bh3 Bd7 23.Bxd7+ Kxd7 24.Kg2 Kc6 25.Kf3 Bf6 26.Rfd1 d5 27.Ng4 Bg7 28.
exd5+ Kxd5 29.c4+ Kc6 30.d4 cxd4 31.Bxd4 Bxd4 32.Rxd4 Rad8 33.Rbd1 Rxd4 
34.Rxd4 f6 35.Rd5 b6 36.Nf2 Ng7 37.Ne4 Ne8 38.Rd2 Rh1 39.Rd8 Rh8 40.Nxf6 
1-0

[Event "East European zonal 3 (w)"]
[Site "Balatonfoldvar HUN"]
[Date "1987.??.??"]
[Round "14"]
[White "Jicman, Ligia-Letitia"]
[Black "Baumstark, Gertrude"]
[Result "1/2-1/2"]
[WhiteElo "2220"]
[BlackElo "2080"]
[EventDate "1987.02.19"]
[PlyCount "30"]

1.e4 c5 2.c3 Nf6 3.e5 Nd5 4.d4 cxd4 5.Nf3 Nc6 6.cxd4 d6 7.Bc4 Nb6 8.Bb5 
dxe5 9.Nxe5 Bd7 10.Bxc6 Bxc6 11.Nxc6 bxc6 12.O-O g6 13.Re1 Bg7 14.Bg5 O-O 
15.Bxe7 Qxd4 1/2-1/2

[Event "East European zonal 3 (w)"]
[Site "Balatonfoldvar HUN"]
[Date "1987.??.??"]
[Round "15"]
[White "Angelova, Pavlina"]
[Black "Richtrova-Klimova, Eliska"]
[Result "0-1"]
[WhiteElo "2245"]
[BlackElo "2320"]
[EventDate "1987.02.19"]
[PlyCount "78"]

1.Nf3 Nf6 2.c4 g6 3.Nc3 Bg7 4.e4 d6 5.d4 O-O 6.Be2 e5 7.d5 a5 8.Bg5 h6 9.
Bh4 Na6 10.Nd2 Qd7 11.a3 Kh8 12.b4 Nh7 13.f3 f5 14.Bf2 Qe7 15.h4 Nf6 16.g4
fxg4 17.fxg4 axb4 18.axb4 Bd7 19.Rb1 Nh7 20.Nf1 Rf4 21.Be3 Raf8 22.Bxf4 
exf4 23.Qd3 f3 24.Bd1 Bxg4 25.Kd2 h5 26.Ne3 Nf6 27.Rf1 Nd7 28.Rh1 Ne5 29.
Qf1 Bh6 30.Nb5 Qf6 31.Rb3 f2 32.Nd4 Nxb4 33.Nc2 Nxc2 34.Kxc2 Qf4 35.Kb2 
Qxe4 36.Bxg4 Bxe3 37.Be2 Bd4+ 38.Kc1 Ra8 39.Rb1 Qe3+ 0-1

[Event "East European zonal 3 (w)"]
[Site "Balatonfoldvar HUN"]
[Date "1987.??.??"]
[Round "15"]
[White "Szmacinska, Grazyna"]
[Black "Jicman, Ligia-Letitia"]
[Result "1-0"]
[WhiteElo "2315"]
[BlackElo "2220"]
[EventDate "1987.02.19"]
[PlyCount "105"]

1.d4 d5 2.Nf3 Nf6 3.Bf4 g6 4.e3 Bg7 5.Bd3 c5 6.c3 b6 7.Nbd2 Bb7 8.O-O O-O 
9.Qe2 Nc6 10.Rad1 Nd7 11.Ba6 Bxa6 12.Qxa6 Qc8 13.Qe2 Re8 14.Rfe1 e5 15.
dxe5 Ndxe5 16.Bxe5 Nxe5 17.Nxe5 Bxe5 18.Nf3 Qe6 19.Rd2 Bf6 20.a3 Rad8 21.
Red1 Rd7 22.h3 Red8 23.Qb5 Kg7 24.Qa4 h5 25.Qf4 b5 26.g4 hxg4 27.hxg4 Rh8 
28.g5 Bd8 29.Qe5+ Kg8 30.Qxe6 fxe6 31.e4 Rh5 32.exd5 Bxg5 33.dxe6 Rxd2 34.
Nxd2 Kf8 35.Ne4 Be7 36.Rd7 Re5 37.f3 c4 38.Rxa7 Rxe6 39.Rb7 Re5 40.Kf2 Ke8
41.Kg3 Kf7 42.Nd6+ Kf6 43.Nxb5 Re2 44.Rb6+ Kf7 45.Nd4 Rd2 46.Kf4 Bc5 47.
Rb7+ Kf6 48.Ke3 Rh2 49.a4 g5 50.Rb5 Bd6 51.a5 Rh8 52.Ke4 Ra8 53.Rb6 1-0

[Event "East European zonal 3 (w)"]
[Site "Balatonfoldvar HUN"]
[Date "1987.??.??"]
[Round "15"]
[White "Savova, Stefka"]
[Black "Ciprianova-Kubikova, Hana"]
[Result "1/2-1/2"]
[WhiteElo "2245"]
[BlackElo "2145"]
[EventDate "1987.02.19"]
[PlyCount "107"]

1.d4 Nf6 2.Nf3 g6 3.Bf4 Bg7 4.e3 d6 5.h3 O-O 6.Be2 b6 7.O-O Bb7 8.Bh2 c5 
9.c3 Nbd7 10.a4 a6 11.Nbd2 Qc7 12.Qc2 Bc6 13.e4 Ne8 14.Rac1 Bb7 15.Rfe1 
Rc8 16.Qb1 Qb8 17.Bf1 Nc7 18.e5 dxe5 19.dxc5 bxc5 20.Nxe5 Nxe5 21.Bxe5 
Bxe5 22.Rxe5 Ne6 23.Rce1 Rcd8 24.Nc4 Bd5 25.a5 Qc7 26.Nb6 Bb7 27.Qc1 Qc6 
28.Qe3 Rd6 29.Nc4 Rdd8 30.Nb6 Rd6 31.Nc4 Rdd8 32.Nb6 Rd6 33.b4 cxb4 34.
cxb4 Rfd8 35.Rc1 Qe8 36.b5 axb5 37.Bxb5 Bc6 38.Be2 Rb8 39.h4 Bd7 40.h5 Qd8
41.h6 Nd4 42.Nd5 Nxe2+ 43.Qxe2 Be6 44.Nf4 Rc8 45.Rxc8 Qxc8 46.Qb2 f6 47.
Rxe6 Rxe6 48.Nxe6 Qxe6 49.Qb8+ Kf7 50.Qh8 Qe1+ 51.Kh2 Qe5+ 52.Kg1 Qe1+ 53.
Kh2 Qe5+ 54.Kg1 1/2-1/2

[Event "East European zonal 3 (w)"]
[Site "Balatonfoldvar HUN"]
[Date "1987.??.??"]
[Round "15"]
[White "Porubszky, Maria"]
[Black "Wiese-Jozwiak, Malgorzata"]
[Result "1/2-1/2"]
[WhiteElo "2240"]
[BlackElo "2290"]
[EventDate "1987.02.19"]
[PlyCount "94"]

1.e4 c5 2.Nc3 d6 3.Nge2 Nc6 4.g3 g6 5.Bg2 Bg7 6.O-O e6 7.d3 Nge7 8.Be3 Nd4
9.Qd2 O-O 10.Nc1 Rb8 11.Nd1 b6 12.c3 Ndc6 13.f4 Ba6 14.f5 exf5 15.exf5 f6 
16.Ne2 g5 17.d4 Bc4 18.b3 Bd5 19.g4 Bxg2 20.Kxg2 Nd5 21.c4 Nc7 22.Ndc3 Qe7
23.Rfe1 Rbd8 24.Bf2 Qf7 25.Bg3 Rfe8 26.h3 Rd7 27.Rad1 Rdd8 28.Qd3 Bf8 29.
Qf3 Nxd4 30.Nxd4 Rxe1 31.Bxe1 cxd4 32.Rxd4 Na6 33.Bg3 Nc5 34.Nb5 a6 35.
Nxd6 Bxd6 36.Rxd6 Rxd6 37.Bxd6 Nb7 38.Ba3 Qc7 39.Qd5+ Kg7 40.Qe6 Nc5 41.
Qd5 Qe7 42.Kf3 Qc7 43.Kg2 Qe7 44.Qf3 Qe1 45.Bxc5 bxc5 46.Qb7+ Kh6 47.Qxa6 
Qe2+ 1/2-1/2

[Event "East European zonal 3 (w)"]
[Site "Balatonfoldvar HUN"]
[Date "1987.??.??"]
[Round "15"]
[White "Baumstark, Gertrude"]
[Black "Grosch, Maria"]
[Result "1-0"]
[WhiteElo "2080"]
[BlackElo "2220"]
[EventDate "1987.02.19"]
[PlyCount "43"]

1.e4 c5 2.Nf3 d6 3.d4 cxd4 4.Nxd4 Nf6 5.Nc3 a6 6.Be2 e6 7.O-O Be7 8.f4 O-O
9.Kh1 Qc7 10.a4 Nc6 11.Be3 Re8 12.Bf3 Rb8 13.Qe1 Nxd4 14.Bxd4 e5 15.Ba7 
Ra8 16.Be3 exf4 17.Bxf4 Be6 18.e5 Nd7 19.Nd5 Bxd5 20.Bxd5 dxe5 21.Bxe5 Bf6
22.Bxc7 1-0

[Event "East European zonal 3 (w)"]
[Site "Balatonfoldvar HUN"]
[Date "1987.??.??"]
[Round "15"]
[White "Muresan, Margareta"]
[Black "Veroci-Petronic, Zsuzsa"]
[Result "1/2-1/2"]
[WhiteElo "2310"]
[BlackElo "2415"]
[EventDate "1987.02.19"]
[PlyCount "28"]

1.c4 g6 2.Nc3 Bg7 3.g3 c5 4.Bg2 Nc6 5.Nf3 e6 6.O-O Nge7 7.d3 O-O 8.Rb1 d6 
9.Bd2 Rb8 10.a3 a6 11.b4 cxb4 12.axb4 b5 13.cxb5 axb5 14.Qc1 e5 1/2-1/2